Statistics for 贵阳地铁站点

Click here to take the quiz!

General Stats

  • This quiz has been taken 35 times
  • The average score is 43 of 82

Answer Stats

% Correct
贵阳北站
88%
龙洞堡机场
85%
贵阳火车站
85%
花果园
81%
喷水池
77%
北京路
77%
贵州大学
73%
林城西路
69%
观山湖公园
69%
白云北路
65%
北京西路
65%
黔灵山公园
65%
河滨公园
65%
花溪公园
65%
小孟工业园
62%
国际生态会议中心
62%
阅山湖公园
62%
八鸽岩
62%
金阳医院
62%
阳明祠
62%
下麦西
58%
雅关
58%
窦官
58%
延安西路
54%
桐木岭(省委党校)
54%
洛湾
54%
茶园
54%
中山西路
54%
阳关
54%
紫林庵
54%
金阳南路
54%
油榨街
54%
中兴路
54%
小碧
54%
见龙洞
54%
省人民医院
50%
长江路
50%
五里冲
50%
兴筑路
50%
枫林路
50%
东风(贵黔医院)
50%
诚信路
50%
清水江路
50%
云峰大道
50%
南垭路
50%
森林公园
46%
改茶路
46%
贵医
46%
沙冲路
46%
新寨
46%
新添
46%
白鹭湖
46%
泉湖公园
46%
马王庙
46%
宝山南路
46%
白云中路
46%
珠江路
46%
孔学堂
46%
皂角井
46%
十里河滩
42%
甘荫塘
42%
明珠大道
42%
大营坡
42%
黔春路
42%
松花路
42%
云盘
42%
茶店
42%
百花大道
42%
望城坡
42%
观山西路
42%
浪风关
38%
学士路
38%
老湾塘
38%
中曹司
38%
太慈桥
38%
贵钢
38%
师范学院
38%
富源北路
38%
顺海
38%
四方河(省中医院)
35%
花溪南站
35%
高新路
35%

Score Distribution

Percentile by Number Answered

Percent of People with Each Score

Your Score History

You have not taken this quiz